00523nam a2200181 a 4500008004100000020001500041050001500056100001900071245007000090250001300160260005900173300002300232350000900255650002400264650001400288700001600302700002300318100722s2002 ||||||||||||||||| || u a0321188977 aQA 805 Gol aPoole, Charles10aClassical mechanics. (3rd ed.)cby Herbert Goldstein (and others) a3rd. ed. aUpper Saddle River, N.J:bPearson Education, Incc2002 axviii, 638p.: ill. a0.00 aMECHANICS, ANALYTIC aMECHANICS aSafko, John aGoldstein, Herbert